LIBRARY & INFORMATION CENTRE, KCAET, TAVANUR

ONLINE PUBLIC ACCESS CATALOGUE (OPAC)

Normal view MARC view
  • Exercise

Entry Topical Term

Number of records used in: 1

001 - CONTROL NUMBER

  • control field: 3105

003 - CONTROL NUMBER IDENTIFIER

  • control field: OSt

005 - DATE AND TIME OF LATEST TRANSACTION

  • control field: 20180523110815.0

008 - FIXED-LENGTH DATA ELEMENTS

  • fixed length control field: 180523|| aca||aabn | a|a d

040 ## - CATALOGING SOURCE

  • Original cataloging agency: OSt
  • Transcribing agency: OSt

150 ## - HEADING--TOPICAL TERM

  • Topical term or geographic name as entry element: Exercise

670 ## - SOURCE DATA FOUND

  • Source citation: Work cat.: (OSt)15416: Åstrand, Per-Olof. 3104, Textbook of work physiology :, c1977.
free website counter